| Tag |
First Indicator |
Second Indicator |
Subfields |
| LEADER |
00000cam a2200000 a 4500 |
| 001 |
in00001402485 |
| 005 |
20151020055409.0 |
| 008 |
970624s1997 gw a b 100 0 eng |
| 010 |
|
|
|a 97022715
|
| 020 |
|
|
|a 3631308744
|
| 020 |
|
|
|a 082043230X (US)
|
| 035 |
|
|
|a (OCoLC)37341221
|
| 035 |
|
|
|9 AHN4359AM
|
| 040 |
|
|
|a DLC
|c DLC
|d TXA
|d UtOrBLW
|
| 049 |
|
|
|a TXAM
|
| 050 |
0 |
0 |
|a TA329
|b .S653 1996
|
| 082 |
0 |
0 |
|a 539.2
|2 21
|
| 111 |
2 |
|
|a Sommerfeld '96 Workshop
|d (1996 :
|c Freudenstadt, Germany)
|
| 245 |
1 |
0 |
|a Modern mathematical methods in diffraction theory and its applications in engineering :
|b proceedings of the Sommerfeld '96 Workshop, Freudenstadt, 30 September-4 October 1996 /
|c Erhard Meister, ed.
|
| 246 |
1 |
8 |
|a Mathematical methods in diffraction theory
|
| 264 |
|
1 |
|a Frankfurt am Main ;
|a New York :
|b P. Lang,
|c [1997]
|
| 264 |
|
4 |
|c ©1997
|
| 300 |
|
|
|a vi, 308 pages :
|b illustrations ;
|c 21 cm.
|
| 336 |
|
|
|a text
|b txt
|2 rdacontent
|
| 337 |
|
|
|a unmediated
|b n
|2 rdamedia
|
| 338 |
|
|
|a volume
|b nc
|2 rdacarrier
|
| 490 |
1 |
|
|a Methoden und Verfahren der mathematischen Physik ;
|v Bd. 42
|
| 504 |
|
|
|a Includes bibliographical references.
|
| 650 |
|
0 |
|a Engineering mathematics
|v Congresses.
|
| 650 |
|
0 |
|a Diffraction
|v Congresses.
|
| 650 |
|
0 |
|a Waves
|x Diffraction
|x Mathematics
|x Congresses.
|
| 700 |
1 |
|
|a Meister, Erhard,
|d 1930-
|
| 830 |
|
0 |
|a Methoden und Verfahren der mathematischen Physik ;
|v Bd. 42.
|
| 948 |
|
|
|a c:pk
|
| 999 |
|
|
|a MARS
|
| 999 |
f |
f |
|s 814927af-59d8-3c0f-9ad5-adeeb2f8132b
|i 05642064-0e1c-3c1b-84de-8c350fe81843
|t 0
|
| 952 |
f |
f |
|p ric
|a Texas A&M University
|b Rellis Campus
|c Joint Library Facility
|d Remote Storage
|t 0
|e TA329 .S653 1996
|h Library of Congress classification
|i unmediated -- volume
|m A14822183758
|
| 998 |
f |
f |
|a TA329 .S653 1996
|t 0
|l Remote Storage
|